Statistics for ‘E’ General Knowledge

Click here to take the quiz!

General Stats

  • This quiz has been taken 42 times
  • The average score is 12 of 15

Answer Stats

HintAnswer% Correct
The Garden of ____ is a biblical paradiseEden
97%
e = mc² is a formula made by what scientist?Einstein
97%
A wood typically used for the black keys on a pianoEbony
90%
What South American country’s name can be translated to Equator?Ecuador
90%
What flightless bird did Australia famously lose a war against?Emu
90%
A green gemEmerald
87%
What’s the first name of ‘A Christmas Carol’s’ Scrooge?Ebenezer
85%
The Richter scale measures what natural disaster?Earthquakes
82%
Solar and Lunar can be used as prefixes to what shape?Eclipse
82%
King Arthur’s SwordExcalibur
79%
A Horse rider is professionally known as a whatEquestrian
74%
An equal amount of night and day is known as what?Equinox
72%
What type of tree doesn’t shed its leaves in winter?Evergreen
69%
What football team in Liverpool is associated with toffees?Everton
56%
A better word for money in an areaEconomy
21%

Score Distribution

Percentile by Number Answered

Percent of People with Each Score

Your Score History

You have not taken this quiz